| 000 | 00349nam a2200133Ia 4500 | ||
|---|---|---|---|
| 008 | 210716s2011 xx 000 0 und d | ||
| 020 | _a9781422162606 | ||
| 041 | _aeng | ||
| 082 | _a658.7 HARV | ||
| 245 | _aHarvard business review managing supply chains. | ||
| 250 | _a1 | ||
| 260 |
_aBoston _bHarvard Business School Press _c2011 |
||
| 300 | _a225 | ||
| 999 |
_c206830 _d206830 |
||